banner-ar

THE SIX NATIONAL HISTORIES OF JAPAN / (Record no. 19341)

MARC details
000 -الفاتح
حقل البيانات ثابتة الطول 00502nam a2200181Ia 4500
008 - عناصر البيانات ثابتة الطول - معلومات عامة
حقل البيانات ثابتة الطول 140319s9999 xx 000 0 eng d
040 ## - مصدر الفهرسة
وكالة الفهرسة الأصلية GCL /
وكالة النسخ GCL
082 04 - رقم تصنيف ديوى العشرى
رقم التصنيف 952.01
رقم المادة T S
100 1# - المدخل الرئيسى - إسم شخصى
الإسم الشخصى BROWNLEE, JOHNS(TRAN)
245 10 - بيان العنوان
العنوان THE SIX NATIONAL HISTORIES OF JAPAN /
بيان المسئوليه,etc BROWNLEE, JOHNS(TRAN)
700 1# - المدخل الاضافى - اسم شخصى
الإسم الشخصى TARO, SAKAMOTO
260 ## - PUBLICATION, DISTRIBUTION, ETC. (IMPRINT)
تاريخ النشر أو التوزيع 1991
300 ## - الوصف المادى
التعداد 232 P
650 04 - المدخل الاضافى بالموضوع-مصطلح موضوعى
مصطلح موضوعي HISTORIOLOGY
650 04 - المدخل الاضافى بالموضوع-مصطلح موضوعى
مصطلح موضوعي JAPAN - HISTORY, 1185
942 ## - عناصر المدخل الإضافي( كوها)
مصدر التصنيف او مخطط الترفيف Dewey Decimal Classification
Koha [default] item type كتاب
260 ## - PUBLICATION, DISTRIBUTION, ETC. (IMPRINT)
-- [S.N] :
-- UNIVERSITY OF TOKYO PRESS ،
Holdings
حالة التراجع حالة الفقد حالة تلف ليس للاعارة المكان المؤقت الموقع الحالى تاريخ الاكتساب اجمالي اﻻعارات رقم الطلب الباركود تاريخ اخر مشاهدة تاريخ تفعيل السعر نوع وعاء كوها
        مكتبة القاهرة الكبرى مكتبة القاهرة الكبرى 03/26/2014   952.01\T S 36924 03/26/2014 03/26/2014 كتاب

Powered By

EGPV